000 00618nam a2200193 i 4500
001 30714
003 ES-MaACL
005 20250905123705.0
007 t|
008 030127s1930 sp ||||1| spa d
100 1 _aBelyk, Grigorii.
_927390
245 1 0 _aSchkid
_b: La república de los vagabundos /
_cpor Grigorii Belyk y L. Panteleev ; traducción del alemán y prólogo de W. Roces.
260 _aMadrid :
_b[s.n.,
_c1930] (
_fArgis)
300 _a424 p. ;
_c19 cm.
700 1 _aPanteleev, L.
_988821
700 1 _aRoces, Wenceslao,
_d1897-1992
_998039
852 _aES-MaACL
_jB-4118
999 _c30714
_d30714